01134nam a22003377a 4500003000400000005001700004008004100021040002200062082002100084100003100105245004100136260007300177300002000250490001200270505001200282505002500294505002600319505002200345505002200367505002400389505002300413505002900436505005700465505001500522505004000537650004100577650005800618650004400676650004600720710003000766OSt20230816134416.0221006b |||||||| |||| 00| 0 eng d cBiblioteca Lado V a868.992.3bB214c aBandara, Samuel B.eeditor aCRB/bThe Caribbean Review of Books/ bMedia and Editorial Projects Ltd.c2006aEspañaaTrinidad y Tobago c21x25.5cma38p. a9v2006 tReviews tSomething to declare tThings only poems say tMore than hot air tAges of Innocence tShakespeare and co. tUnforgettable fire tYou can´t go home again tDon´t stop the CarnivalaIn brief Also noted Etc. tMarginalia tGrime is not always grimeaNotebook 2Tesauro de Arte & ArquitecturaaARTE 2Tesauro de Arte & ArquitecturaaLITERATURA CARIBEÑA 2Tesauro de Arte & ArquitecturaaCULTURA 2Tesauro de Arte & ArquitecturaaCOLECCION aZero-Six Editionseeditor